Регионална библиотека "Любен Каравелов" - Русе

От инстинкта до разума (Запис номер 133735)

MARC детайли
000 -Лидер
Контролно поле с фиксирана дължина nam a22 a 4500
003 - Код на организацията, давaща контролен номер
Контролно поле BLK
005 - Дата и час на последна редакция
Контролно поле 20210421154001.0
008 - Елементи от данни с фиксирана дължина
fixed length control field 180409b bul|||||r ||||||| ||bul||
010 ## - Наследен системен номер
LC control number KNG00139635000
040 ## - Източник на каталожния запис
Идентификатор на билиотеката - собственик на записа BLK
041 ## - Код за език
Код за езика на текст/звукозапис или на отделно заглавие Български
Код за езика КДБФ Български
080 ## - УДК
Текстов определител УДК Нервна система. Сетивни органи
УДК код - определител по УДК 612.8
УДК - код + определител 612.8
080 ## - УДК
Текстов определител УДК Еволюционно учение. Дарвинизъм. Видообразуване. Филогенез - Борба за съществуване, изолация, адаптация, отбор и др. Биомакромолекули, молекулярна еволюция, клетки и субклетъчни структури, тъ
УДК код - определител по УДК 575.8
УДК - код + определител 575.8
100 1# - Редна дума - Автор
Автор Фролов, Юрий Петрович
Авторска отговорност първи автор
R(LIN) 324049
139 ## - Редно поле
Редна дума Фролов, Юрий Петрович
Авторски знак Фро - Ф 85
245 10 - Сведения за заглавието
Заглавие От инстинкта до разума
Редно поле (дума) Юрий Петрович Фролов; прев. от рус. Николай Георгиев.
257 ## - Страна на издаване
Страна на създаване/издаване СССР
260 ## - Област на издателските данни
Място на издаване, разпространение и проч. София
Име на издателя, разпространителя и проч. Нар. култура
Година на издаване 1949
300 ## - Физическа характеристика
Страници 176 с.
Илюстрации и др. с ил.
Размери/Мащаб 17 см
380 ## - Жанр
Жанр Медицина
490 1# - СЕРИИ (Колекции)
Име на серия Библиотека Научни проблеми
№: серия № 6
500 ## - Общи забележки
Забележка 5 000 тир.
650 #4 - Допълнително описание по предмет – тема
Основно описание – тема или топоним Еволюционни учения
9 (RLIN) 154114
650 #4 - Допълнително описание по предмет – тема
Основно описание – тема или топоним Висша нервна дейност
9 (RLIN) 274992
653 ## - Ключова дума – ненормативна
Ключова дума инстинкти
653 ## - Ключова дума – ненормативна
Ключова дума разум
653 ## - Ключова дума – ненормативна
Ключова дума висша нервна дейност
653 ## - Ключова дума – ненормативна
Ключова дума еволюция
700 1# - Други автори (авторска отговорност)
Лично име Георгиев, Николай
Автороска отговорност (Описва отношението между автора и произведението) прев. от рус.
9 (RLIN) 369343
852 ## - Местоположение
Форматна сигнатура Цб 6.170.30702
Фондова буква Основен фонд - ползва се само за читалня
856 4# - Електронен адрес и достъп
Електронен формат pdf - файл
856 4# - Електронен адрес и достъп
Електронен формат pdf - файл
999 ## - СИСТЕМНИ КОНТРОЛНИ НОМЕРА
Koha biblionumber 133735
Koha biblioitemnumber 133735
942 ## - АРТИКУЛИ
Вид на библиотечния материал Книги
Скрит в OPAC Не
Периодичен библиозапис Да
944 ## - СЪЗДАВАНЕ И РЕДАКЦИЯ на ЗАПИСА
Създаване/Редакция Създаване
Дата на регистрацията/редакция 16.02.2013
Статус, дата на статуса 16.02.2013 - от С1,Р / 16.02.2013
Служител, извършил регистрацията/редакцията Наталия_Медовщикова
944 ## - СЪЗДАВАНЕ И РЕДАКЦИЯ на ЗАПИСА
Създаване/Редакция Редакция
Дата на регистрацията/редакция 16.02.2013
Статус, дата на статуса 16.02.2013 - от С1,Р / 16.02.2013
999 ## - СИСТЕМНИ КОНТРОЛНИ НОМЕРА
Koha biblioitemnumber 133735
Наличности
Код за отписване Код за изгубен артикул Източник на класификационната схема Код за повреда Коз за рестрикции Код за отдаване Артикулен № Име на библиотеката - собственик Име на библиотеката, в която се намира в момента Статус (Текущо местоположение) Дата на вписване в системата Местоположение - отдел Цена в лева Инвентарен номер Систематично азбучна сигнатура Баркод Номер на екземпляра Цена в евро Служебна бележка Служебен тип на артикула
  Не е изгубен Universal Decimal Classification Не е повреден без рестрикции ползва се в читалня 218185 Регионална библиотека "Любен Каравелов" Русе Регионална библиотека "Любен Каравелов" Русе Хранилище 1949-01-01 Основен фонд - ползва се само за читалня 0.26 30702-а Цб 6.170.30702 900000053786 1 0.13 N: стар фонд Дата: 01.01.1949 Книги
  Не е изгубен Universal Decimal Classification Не е повреден без рестрикции ползва се в читалня 218186 Регионална библиотека "Любен Каравелов" Русе Регионална библиотека "Любен Каравелов" Русе Хранилище 1949-01-01 Основен фонд - ползва се само за читалня 0.26 30702-в Цб 6.170.30702 900000053785 2 0.13 N: стар фонд Дата: 01.01.1949 Книги
  Не е изгубен Universal Decimal Classification Не е повреден без рестрикции ползва се в читалня 218187 Регионална библиотека "Любен Каравелов" Русе Регионална библиотека "Любен Каравелов" Русе Хранилище 1949-01-01 Основен фонд - ползва се само за читалня 0.26 30702-г Цб 6.170.30702 900000053784 3 0.13 N: стар фонд Дата: 01.01.1949 Книги
Vip Innovations Ltd, Rousse, Bulgaria 2025